[Event "Bundesliga 0102"]
[Site "Germany"]
[Date "2001.11.25"]
[Round "4.4"]
[White "Borriss, Martin"]
[Black "Holzke, Frank"]
[Result "1-0"]
[WhiteElo "2445"]
[BlackElo "2468"]
[Annotator "Hecht,H"]
[PlyCount "103"]
[EventDate "2001.10.06"]
[EventType "team-tourn"]
[EventRounds "15"]
[EventCountry "GER"]
[SourceTitle "CBM 087"]
[Source "ChessBase"]
[SourceDate "2002.03.21"]
[SourceVersion "1"]
[SourceVersionDate "2002.03.21"]
[SourceQuality "1"]
[WhiteTeam "Neukoelln"]
[BlackTeam "Wattenscheid"]
[WhiteTeamCountry "GER"]
[BlackTeamCountry "GER"]

1. e4 e6 2. d4 d5 3. Nc3 Nf6 4. e5 Nfd7 5. f4 c5 6. Nf3 Nc6 7. Be3 a6 8. Qd2 b5
9. dxc5 Bxc5 10. Bxc5 Nxc5 11. Qf2 Qb6 12. Bd3 b4 13. Ne2 a5 14. O-O Ba6 15.
Kh1 Ne7 16. b3 h6 17. Rad1 O-O 18. Ng3 Rfb8 19. Nd4 Nxd3 20. cxd3 Rc8 21. Nh5
Nf5 22. Nxf5 Qxf2 23. Rxf2 exf5 24. Ng3 g6 25. Kg1 Rc3 26. Rfd2 a4 27. bxa4 Ra3
28. Ne2 Bb7 29. Rb1 R8xa4 30. Kf2 d4 31. Nxd4 Bd5 32. Ke3 Bxa2 33. Rc1 Ra8 34.
Rb2 Bd5 35. Rxb4 Bxg2 36. Rbc4 Bd5 37. Rc5 Rd8 38. Rc8 Rxc8 39. Rxc8+ Kg7 {
[#] Ideller weißer Mehrbauer. Nach der Stellungssicherung aktiviert Weiß
zunächst den Springer und dann den König. Die Folge: Mattangriff.} 40. Rd8 Bc4
41. Nc2 Rb3 42. h4 Bb5 43. Rd6 h5 44. Ne1 Rb2 $6 (44... Kf8 $142 45. Nf3 Ke7)
45. Nf3 Rg2 $2 {Gibt das Spiel gegen d3 vollends auf und verliert die
Kontrolle über das weitere Spielgeschehen.} (45... Rb3 $142) 46. Rb6 Ba4 47.
Ng5 Rg3+ 48. Kd4 Rg4 49. e6 $1 Rxf4+ (49... fxe6 50. Ke5 Be8 51. Nxe6+ Kf7 52.
Rb7+ Kg8 53. Kf6 $18) 50. Ke5 Rf1 51. exf7 {[%cal Rb6g6]} Re1+ 52. Kd4 1-0

[Event "Olympiad-31"]
[Site "Moscow"]
[Date "1994.12.09"]
[Round "8.1"]
[White "Short, Nigel D"]
[Black "Psakhis, Lev"]
[Result "1-0"]
[WhiteElo "2655"]
[BlackElo "2605"]
[Annotator "Kharitonov,A"]
[PlyCount "113"]
[EventDate "1994.12.01"]
[EventType "team-swiss"]
[EventRounds "14"]
[EventCountry "RUS"]
[SourceTitle "CBM 045"]
[Source "ChessBase"]
[SourceDate "1995.04.01"]
[SourceVersion "1"]
[SourceVersionDate "1995.04.01"]
[SourceQuality "1"]
[WhiteTeam "England"]
[BlackTeam "Israel"]
[WhiteTeamCountry "ENG"]
[BlackTeamCountry "ISR"]

1. e4 {Kharitonov Knaak} e6 2. d4 d5 3. Nc3 Nf6 4. e5 Nfd7 5. f4 c5 6. Nf3 Nc6
7. Be3 Qb6 8. Na4 Qa5+ 9. c3 c4 {This move is not mentioned in the Oprning
theory by ECO C11.} (9... cxd4 10. b4 Nxb4 $5 11. cxb4 Bxb4+ $44) 10. b4 Qc7
11. Be2 Be7 12. a3 $5 {Ein nützlicher Wartezug, da Weiß früher oder später so
spielt. Außerdem hofft Short auf f7-f5, da in der Vorgängerpartie auch so
gespielt wurde (Knaak).} (12. O-O f5 13. Nc5 $6 (13. exf6 $142 $5 {Kharitonov})
13... Nf8 14. Qa4 b6 15. Na6 Qd7 $10 {Short,N-Bareev,E/Novgorod/1994/0,5/43/ ;
CBM 43}) (12. g4 $5 {RR Why not?} h5 13. gxh5 Rxh5 14. h4 g6 15. Ng5 Rh8 16. h5
Bxg5 17. fxg5 gxh5 18. Bxh5 $36) 12... f5 $6 (12... b5 $5 13. Nc5 a5 14. O-O
Nxc5 15. dxc5 axb4 16. axb4 Rxa1 17. Qxa1 $14) (12... O-O $5 {RR Now we have
to look for the point of 12.a3!?.} 13. g4 $5 {What else?} f6 14. exf6 Nxf6 15.
Ne5 Nxe5 16. dxe5 Ne4 17. O-O) 13. Rg1 $5 (13. exf6 $5 Nxf6 14. Ne5 $14) 13...
Nf8 14. g4 $1 fxg4 (14... g6 15. h4 $14 (15. Kd2 {/\Bf2,Qe1,Bh4+/-/}) (15. Kd2
{Kharitonov /\Bf2,Qe1,Bh4+/-/})) 15. Rxg4 $16 g6 {Knaak: Schwarz hat zunächst
alles im Griff und kann sogar einen N auf f5 plazieren, aber er droht nichts.
Weiß kann dagegen auf lange Sicht mittels h4 gegen die Kette h7-g6 spielen.
Auf dem Damenflügel hat Schwarz kein Gegenspiel, da etwa 15...b5 16.Nc5 nur
Weiß begünstigen würde .} 16. Bf2 b6 17. Nb2 Bd7 (17... b5 18. a4 $16) (17...
a5 18. b5 Na7 19. a4 Bd7 20. Kd2 O-O-O 21. Qe1 Kb7 22. Bd1 {/\Bc2,Nd1-e3,Bh4+/
-/}) 18. a4 a6 19. Qb1 $1 Qb7 20. Nd1 b5 21. axb5 $5 axb5 22. Ne3 Rxa1 23. Qxa1
Bd8 24. Kd2 Ne7 25. Bh4 Nf5 26. Bxd8 Kxd8 27. Rg1 (27. Nxf5 $6 exf5 28. Rg2 Ne6
29. Ke3 Ke7 30. Bd1 Ra8 31. Ra2 Rxa2 32. Qxa2 $14) 27... Rg8 28. Bd1 Rg7 29.
Bc2 Nxe3 (29... Rf7 30. Ng5 $16) (29... Ne7 30. Ng4 Rf7 31. Nf6 $16) 30. Kxe3
Be8 31. Qe1 Qe7 (31... Qa7 32. Qh4+ Kc8 33. Qh6 {/\h4,h5+/-/}) 32. Qg3 Kc8 33.
Ra1 Bc6 34. Qh3 Kb7 35. Qh6 $1 Rg8 36. h4 Be8 37. Rg1 Qg7 38. Qg5 $1 (38. Qxg7+
Rxg7 39. f5 (39. h5 $5) (39. h5 $5 {Kharitonov}) 39... exf5 40. Bxf5 $16) 38...
h5 (38... h6 39. Qd8 Qd7 40. Qa5 Qc7 41. Qxc7+ Kxc7 42. h5 (42. f5 exf5 43.
Bxf5 $16) 42... Bf7 43. hxg6 Bxg6 44. f5 exf5 45. Bxf5 $16) 39. Qd8 Qd7 40. Qa5
Qc7 41. Qxc7+ Kxc7 42. f5 exf5 43. Bxf5 Bf7 44. Bh3 Be6 (44... Ne6 45. Ng5 (45.
Bxe6 Bxe6 46. Ng5 Bf5 47. Ra1 Kb6 $16) 45... Nxg5 46. Rxg5 Re8 47. Rg1 {
/\Rf1-f6/}) 45. Ng5 Bxh3 46. Nxh3 $18 Ne6 47. Rf1 Ra8 (47... Rf8 48. Rxf8 Nxf8
49. Nf4 Kc6 50. Kf3 $18 {(.)/}) 48. Rf2 $6 (48. Rf7+ Kd8 49. Nf4 $18) (48. Rf6
$6 Ra3 $132) 48... Kc6 $6 (48... Ra3 $32 49. Rc2 Kc6 50. Nf4 Nf8 51. Rc1 Ra2 (
51... Rb3 52. Kd2 Rb2+ 53. Rc2 Rb1 54. Ra2 $18) 52. Rf1 Rc2 53. Ne2 Ne6 54. Rf7
Ra2 55. Re7 Nc7 56. Rg7 Ne6 57. Rxg6 Kd7 58. Rh6 $18) 49. Rf6 Kd7 50. Nf4 Nxf4
51. Kxf4 Ke7 (51... Ra3 52. Rxg6 Rxc3 53. Rd6+ Kc7 54. Rxd5 $18) 52. Rxg6 Rf8+
(52... Ra3 53. Rd6) 53. Ke3 Rf1 54. Rd6 Rh1 55. Rxd5 Rxh4 56. Rxb5 Rh3+ 57. Ke4
(57. Ke4 Rxc3 58. Rb7+ Ke8 59. Kd5 Rc1 60. Rh7 c3 61. Rxh5 c2 62. Rh2 $18) 1-0

[Event "RUS-ch 56th"]
[Site "Krasnoyarsk"]
[Date "2003.09.11"]
[Round "8"]
[White "Klimov, Sergey"]
[Black "Ulybin, Mikhail"]
[Result "1/2-1/2"]
[WhiteElo "2512"]
[BlackElo "2558"]
[Annotator "Klimov,S"]
[PlyCount "67"]
[EventDate "2003.09.03"]
[EventType "swiss"]
[EventRounds "9"]
[EventCountry "RUS"]
[SourceTitle "CBM 098"]
[Source "ChessBase"]
[SourceDate "2004.02.03"]
[SourceVersion "1"]
[SourceVersionDate "2004.02.03"]
[SourceQuality "1"]

1. d4 e6 2. e4 d5 3. Nc3 Nf6 4. e5 Nfd7 5. f4 c5 6. Nf3 Qb6 7. Ne2 Nc6 8. c3 a5
9. g3 (9. a4 $143 Be7 10. g3 O-O 11. Bh3 cxd4 12. cxd4 f6 13. Bxe6+ Kh8 14.
exf6 Bb4+ 15. Nc3 Nxf6 16. Bxc8 Re8+ 17. Kf2 Bxc3 18. bxc3 Raxc8 {Gorin,
L-Volkov,S/Bydgoszcz 2000}) (9. a3 a4 10. h4 Ra7 {/\Na5} 11. f5 exf5 12. Nf4
cxd4 13. cxd4 Qa5+ 14. Bd2 Qd8 15. Bd3 Nb6 16. Qc2 g6 (16... Be7 17. Bxf5) 17.
h5 g5 (17... Bg7 $5) 18. Ne2 f4 19. Bxh7 Nc4 20. Bf5 g4 21. Ng5 Qxg5 22. Bxc8
Nxd2 23. Bxb7 Ne7 (23... Rxb7 $11) 24. Qc7 Rxb7 25. Qxb7 Nc4 {Arakhamia Grant,
K-Volkov,S/Port Erin 2000} 26. Qb8+ Kd7 27. Nxf4 $16) 9... a4 10. Bh3 (10. a3
Be7 (10... Ra7 $5 11. Bh3 Na5 12. O-O) (10... Ndb8 11. Bh3 Bd7 12. O-O Na5 13.
f5 exf5 14. Nf4 Nb3 15. Nxd5 Qc6 16. Nf4 Nxa1 17. d5 Qb6 18. e6 fxe6 19. Ne5
c4+ 20. Kh1 g6 21. Re1 $40 {1-0 McShane,L-Poldauf,D/Germany 1998}) (10... cxd4
11. cxd4 Ndb8 12. Nc3 Qa5 13. Bb5 Bd7 14. Qe2 Na7 15. Bd3 Na6 16. Bd2 Qb6 17.
f5 $16 {Jansa,V-Poldauf,D/Forchheim 2000}) 11. Bh3 cxd4 (11... f5 $5 12. g4 g6
13. gxf5 exf5 14. Bg2 c4 15. Ng3 Qb5 16. h4 h5 {1/2-1/2 Jansa,V-Karlsson,L/
Berlin 1996/CBM 55 (16)}) 12. cxd4 Qb3 $5 13. Qxb3 axb3 14. Bd2 Nb6 15. Bc3 (
15. Nc1 Bxa3 16. bxa3 b2 17. Rb1 bxc1=Q+ 18. Bxc1 Nc4 19. Rb3 b6 $11) 15... Na4
16. Rc1 b5 17. Kf2 O-O 18. Nd2 b4 19. axb4 Nxb4 20. Bxb4 Bxb4 21. Nxb3 Nxb2 $11
{Grischuk,A-Delchev,A/Linares 1999}) 10... a3 (10... cxd4 11. cxd4 Bb4+ 12. Kf2
a3 13. b3 (13. bxa3 Bxa3 14. Bxa3 Rxa3 15. Qd2 Qb4 $13) 13... Ndb8 14. Kg2 Na6
15. Be3 Bd7 16. Rc1 Be7 17. Nc3 Nab4 18. Qd2 Qa5 19. Na4 b6 $13 {1/2-1/2
Ulibin,M-Volkov,S/Krasnodar 1998/EXT 2000 (19)}) 11. b3 cxd4 12. cxd4 (12.
Nexd4 $5 Nc5 13. Be3 Ne4 14. Rc1 Bc5 15. O-O $14 (15. b4 Nxd4 16. Nxd4 Nxc3 17.
bxc5 Nxd1 18. cxb6 Nxe3 $13)) 12... Ndb8 $146 (12... Bb4+ $142 13. Kf2 Ndb8 14.
Be3 Bd7 15. g4 (15. Ne1 O-O 16. Nd3 Na6 17. Rc1 Rac8) 15... h5 16. gxh5 Rxh5
17. Bf1 Ne7 18. Ng3 Rh8 19. Rc1 Nbc6 20. h4 O-O-O 21. Bd3 Kb8 22. Bb1 {
Khalifman,A-Volkov,S/St Petersburg 1999}) 13. O-O Bb4 (13... Nb4 $142 14. Be3
Bd7 15. Nc3 $14 {/\Rf2, Bf1}) 14. Be3 Ne7 15. Rc1 Bd7 16. Ne1 O-O (16... Na6 $5
17. Nd3 h5) 17. Nd3 $14 {/\Nc5, /\g4, f5} Na6 (17... Nbc6 $5) 18. g4 f5 19.
exf6 gxf6 20. Ng3 Rac8 (20... Bd6 21. g5 $36) 21. Rxc8 Nxc8 22. g5 (22. f5 e5
23. Nxb4 Nxb4 24. Qd2 e4 25. Nh5 $14) 22... f5 23. Qh5 (23. Nxb4 Nxb4 24. Nh5
$16 {/\Nf6, Qh5}) (23. Nh5 Be7 24. Ne5 Be8) 23... Be8 24. Qh6 Qd6 (24... Bb5
25. Rc1 Bxd3 $140 26. g6 hxg6 27. Qxg6+ Kh8 28. Nh5 Rg8 29. Rxc8 $18) (24...
Rf7 25. Nxb4 (25. Nh5 Bf8 26. Nf6+ Rxf6 27. Qxf6 Bg7) 25... Nxb4 26. Nh5 $18) (
24... Bc3 25. Kh1 Ne7 26. Rc1 Bxd4 27. Bxd4 Qxd4 28. Qxe6+ Bf7 29. Qxe7 (29.
Qe2 Ng6 30. Nxf5 Qe4+ 31. Qxe4 dxe4 32. Ne5 Nxf4 $13) 29... Qxd3 30. Nxf5 $18)
25. Ne5 Qe7 26. Kh1 Nc7 (26... Bd6 27. Nh5 Bxh5 28. Qxh5 Bxe5 29. fxe5 $16) (
26... Nd6 27. Nh5 Bxh5 (27... Ne4 28. Rg1) 28. Qxh5 Qg7 29. Rg1 Rc8 30. g6 h6
31. Nf7) 27. g6 $2 $11 (27. Nh5 $142 Bxh5 28. Qxh5 Qg7 (28... Bd6 29. g6 (29.
Rg1 Bxe5 30. fxe5) 29... Bxe5 30. fxe5 hxg6 31. Rg1) 29. g6 h6 30. Nf7 $18) (
27. Rc1 Bd6 $16) 27... hxg6 28. Nxg6 Bxg6 29. Qxg6+ Qg7 30. Qh5 Qh7 31. Rg1 (
31. Qg5+ $143 Kh8 32. Rg1 Be7) 31... Kh8 32. Bf1 Qxh5 33. Nxh5 Ne7 34. Be2
1/2-1/2

[Event "Voskresensk"]
[Site "Voskresensk"]
[Date "1990.??.??"]
[Round "?"]
[White "Vasiukov, Evgeni"]
[Black "Dizdar, Goran"]
[Result "1-0"]
[WhiteElo "2545"]
[BlackElo "2470"]
[Annotator "Knaak,R"]
[PlyCount "76"]
[EventDate "1990.07.??"]
[EventType "tourn"]
[EventRounds "11"]
[EventCountry "URS"]
[EventCategory "9"]
[SourceTitle "CBM 019"]
[Source "ChessBase"]
[SourceDate "1990.12.01"]
[SourceVersion "1"]
[SourceVersionDate "1990.12.01"]
[SourceQuality "1"]

1. e4 e6 2. d4 d5 3. Nc3 Nf6 4. e5 Nfd7 5. f4 c5 6. Nf3 Nc6 7. Be3 a6 8. Qd2
cxd4 9. Nxd4 Bc5 10. O-O-O O-O 11. h4 Bxd4 12. Bxd4 b5 13. Bg1 $1 {Ich weiß
zwar nicht warum der B gerade nach g1 muß, aber die Bewahrung desselben
gefällt mir besser als das bisher gespielte 13.h5} b4 (13... Qa5 14. Kb1 b4 15.
Ne2 Nc5 16. Nd4 Ne4 17. Qe1 Nxd4 18. Bxd4 Rb8 19. Ka1 {/\ Bd3+/=}) 14. Na4 Qc7
15. Kb1 a5 16. h5 Na7 17. h6 g6 18. Rc1 $16 {Bei einer kaum zu vermeidenden
Öffnung der Stellung wird Schwarz Probleme mit der Grundreihe bekommen.} Qc6
19. b3 Nb5 20. Bd4 Ba6 21. c3 Na3+ 22. Ka1 Bxf1 23. Rhxf1 Qb5 24. Rfd1 Rfc8 25.
g4 bxc3 26. Rxc3 Rxc3 27. Bxc3 Nb6 28. Nxb6 Qxb6 29. Bb2 Nb5 30. Rc1 Qb7 31.
Qc2 d4 32. Qc4 Rd8 33. a4 Na7 34. Bxd4 Rc8 35. Bc5 Nc6 36. Ba3 Ne7 37. Qb5
Rxc1+ 38. Bxc1 Qc8 1-0

[Event "WchT 3rd"]
[Site "Luzern"]
[Date "1993.??.??"]
[Round "7.4"]
[White "Arencibia Rodriguez, Walter"]
[Black "Dreev, Alexey"]
[Result "0-1"]
[WhiteElo "2485"]
[BlackElo "2570"]
[Annotator "Knaak,R"]
[PlyCount "88"]
[EventDate "1993.10.24"]
[EventType "team-tourn"]
[EventRounds "9"]
[EventCountry "SUI"]
[SourceTitle "CBM 038"]
[Source "ChessBase"]
[SourceDate "1994.02.01"]
[SourceVersion "1"]
[SourceVersionDate "1994.02.01"]
[SourceQuality "1"]
[WhiteTeam "Cuba"]
[BlackTeam "Russia"]
[WhiteTeamCountry "CUB"]
[BlackTeamCountry "RUS"]

1. e4 e6 2. d4 d5 3. Nc3 Nf6 4. e5 Nfd7 5. Nf3 c5 6. Bb5 Nc6 7. O-O cxd4 (7...
Be7 $10) 8. Nxd4 Ndxe5 $5 $146 (8... Ncxe5 9. Re1 Bd6 10. Nxd5 Qh4 11. Bf4 O-O
12. Bg3 Qd8 13. Bxd7 Qxd7 14. Bxe5 exd5 15. Qf3 $16 {Birmingham,E-Vareille,F/
FRA-chT/1989/}) (8... Qc7 9. Bf4 a6 10. Ba4 Nb6 11. Bb3 $13 {Odeev,H-Nikolenko,
O/Azov/1991/}) 9. f4 (9. Re1 a6 $1) 9... Nd7 10. f5 (10. Bxc6 bxc6 11. Nxc6
Qb6+ 12. Nd4 Bc5 13. Nce2 Ba6 14. c3 Bxd4+ 15. cxd4 Bxe2 16. Qxe2 Qxd4+ $17)
10... Bc5 11. Bxc6 bxc6 12. fxe6 fxe6 13. Na4 (13. Kh1 $5 Bxd4 14. Qxd4 e5 15.
Qa4 Bb7 16. b3 $44) 13... Bxd4+ 14. Qxd4 Qe7 $15 15. Qc3 c5 16. b4 Ba6 $17 17.
Rf2 Rf8 18. Bf4 Rc8 19. Nxc5 Nxc5 20. bxc5 Qxc5 21. Qe5 Rf6 22. Re1 Kf7 23. Bg3
Qb6 24. c3 Bd3 25. Bh4 Rf5 26. Kh1 Kg8 27. Rxf5 Bxf5 28. h3 Qc7 29. Qxc7 Rxc7
30. Re3 Rb7 31. Re2 Rb1+ 32. Kh2 Rc1 33. Be1 Kf7 34. Kg3 Be4 35. Kf2 Rb1 36.
Ke3 Bxg2 37. h4 Be4 38. Bg3 Rd1 39. Be5 Rd3+ 40. Kf2 Rf3+ 41. Ke1 Rf5 42. Bd4
a6 43. Rb2 e5 44. Bf2 Rf3 0-1

[Event "YUG-ch"]
[Site "Podgorica"]
[Date "1996.??.??"]
[Round "13"]
[White "Damljanovic, Branko"]
[Black "Kosic, Dragan"]
[Result "1-0"]
[WhiteElo "2510"]
[BlackElo "2515"]
[Annotator "Knaak,R"]
[PlyCount "59"]
[EventDate "1996.02.??"]
[EventType "tourn"]
[EventRounds "15"]
[EventCountry "YUG"]
[EventCategory "9"]
[SourceTitle "CBM 053"]
[Source "ChessBase"]
[SourceDate "1996.08.01"]
[SourceVersion "1"]
[SourceVersionDate "1996.08.01"]
[SourceQuality "1"]

1. e4 e6 2. d4 d5 3. Nc3 Nf6 4. e5 Nfd7 5. f4 c5 6. Nf3 Nc6 7. Be3 cxd4 8. Nxd4
Nxd4 9. Bxd4 Nb8 {Keine so tolle Idee; mit 10.Bd3 Nc6 11.Bf2 hat Weiß eine
Quote von 100%.} 10. Qd2 Nc6 11. Bb5 Bd7 12. Bxc6 Bxc6 13. O-O {Auch hier
steht Weiß deutlich besser. Was hat Schwarz schon von seinem Läuferpaar?} Be7
14. f5 $1 exf5 15. Rxf5 O-O 16. Raf1 Bd7 17. R5f3 Be6 18. Nb5 Qd7 19. Rb3 b6
20. a4 Rac8 21. Rg3 $1 Kh8 22. c3 $1 {Vorbereitungszug für eine Kombination:
der Bd4 wird gedeckt.} a6 $6 23. Nd6 $1 $18 Bxd6 (23... Rc6 24. Nxf7+ $3 Rxf7 (
24... Bxf7 25. e6 Rxe6 26. Rxg7 $18) 25. Rxf7 Bxf7 26. Rxg7 $1 Qe6 27. Rxf7 $1
$18) 24. Rxg7 $3 Bc5 (24... Kxg7 25. Qg5+ Kh8 26. Qf6+ Kg8 27. exd6 {[%cal
Yf6g7]}) 25. Qh6 Bxd4+ 26. cxd4 {Dafür 22.c3!} Bf5 27. Rg5 f6 (27... Bg6 28.
Rxg6 $18) 28. Rgxf5 Qxa4 29. Rxf6 Qxd4+ 30. Kh1 1-0

[Event "Tilburg"]
[Site "Tilburg"]
[Date "1993.??.??"]
[Round "6"]
[White "Shirov, Alexei"]
[Black "Ivanchuk, Vassily"]
[Result "1/2-1/2"]
[WhiteElo "2685"]
[BlackElo "2705"]
[Annotator "Knaak,R"]
[PlyCount "176"]
[EventDate "1993.11.??"]
[EventType "k.o."]
[EventRounds "7"]
[EventCountry "NED"]
[SourceTitle "CBM 039"]
[Source "ChessBase"]
[SourceDate "1994.04.01"]
[SourceVersion "1"]
[SourceVersionDate "1994.04.01"]
[SourceQuality "1"]

1. e4 e6 2. d4 d5 3. Nc3 Nf6 4. e5 Nfd7 5. Nce2 c5 6. c3 cxd4 7. cxd4 f6 8. f4
$146 (8. Nf4 Bb4+ (8... fxe5 9. Qh5+ g6 10. Nxg6 Nf6 11. Qh4 Bb4+ $13) 9. Bd2
Bxd2+ 10. Qxd2 Qe7 11. exf6 Nxf6 12. Bd3 Nc6 13. Nge2 O-O 14. O-O Bd7 15. a3
$14 {Sax,G-Glek,I/BL 9293/}) 8... fxe5 9. dxe5 (9. fxe5 Bb4+ (9... Qh4+ 10. Ng3
Bb4+ 11. Kf2 O-O+ 12. Nf3 Nc6 13. Be3 $14) 10. Kf2 O-O+ 11. Nf3 Nc6 12. Be3 $13
) 9... Nc6 10. Nf3 Bb4+ 11. Nc3 (11. Bd2 Nc5 12. Bxb4 Nxb4 13. Nc3 (13. Ned4
Qa5 $36) 13... O-O 14. a3 (14. g3 d4 $36) 14... Nc6 15. g3 Qb6 16. b4 Nxb4 17.
axb4 (17. Rb1 Ncd3+ 18. Bxd3 Qe3+ $19) 17... Qxb4 18. Rc1 Nb3 $17) 11... Nc5
12. Be3 Qa5 13. Qc2 O-O 14. Rc1 $2 (14. a3 Ne4 (14... d4 15. Nxd4 Nxd4 16. Bxd4
Rxf4 17. O-O-O Bxa3 18. g3 $1 (18. bxa3 Qxa3+ 19. Qb2 Nb3+ $19) 18... Rxd4 19.
Rxd4 Bb4 $16) 15. Rc1 Bxc3+ 16. bxc3 $13) 14... d4 $1 $17 15. Nxd4 Nxd4 16.
Bxd4 Rxf4 17. Rd1 Qc7 {/\ 18...Rxd4 19.Rxd4 Qxe5+} 18. Be2 Bd7 19. Rf1 Ba4 $1
20. b3 Nxb3 $1 21. Rxf4 (21. axb3 Rxd4 $19) 21... Nxd4 22. Qxa4 b5 $2 (22...
Bxc3+ 23. Kf1 b5 $1 24. Bxb5 Qxe5 25. Rfxd4 Bxd4 26. Qxd4 Qxb5+ $17) 23. Qxb4
Nc2+ 24. Kd2 Nxb4 25. Rxb4 a6 26. Rd4 $13 Qxe5 27. Ke1 Qxh2 28. Bf3 Rf8 29. Ne4
h6 30. Nf2 Qc7 31. Rd6 Qc3+ 32. Kf1 Qc4+ 33. Kg1 Qxa2 34. Re1 Qa3 35. Rexe6
Rxf3 36. gxf3 Qxf3 37. Rxa6 Kh7 38. Rab6 Qd5 39. Ne4 Qd4+ 40. Kg2 b4 41. Rb7
Qb2+ 42. Nf2 Qd2 43. Rb5 b3 44. Reb6 b2 45. Rxb2 Qg5+ 46. Kf1 Qc1+ 47. Ke2 Qc4+
48. Kf3 Qd5+ 49. Ne4 Qf5+ 50. Ke3 Qh3+ 51. Kd4 Qd7+ 52. Nd6 Qe6 53. R2b5 Qe2
54. Nf5 Qd2+ 55. Ke5 Qc3+ 56. Kd6 Qd3+ 57. Ke7 Qa3+ 58. Nd6 Qe3+ 59. Kd8 Qd3
60. Rc6 Qd4 61. Rb7 Qd5 62. Rbc7 Kg8 63. Kc8 Qe5 64. Kd7 Kh7 65. Ne8 Qa1 66.
Kd8 Qa8+ 67. Ke7 Qa3+ 68. Kf7 Qf3+ 69. Rf6 Qg3 70. Rd6 Qf3+ 71. Ke7 Kg8 72. Ra6
Qe2+ 73. Re6 Qf3 74. Nd6 Kh7 75. Nf7 Qa3+ 76. Rd6 Qa8 77. Rcd7 Qe4+ 78. Kf8 Qf4
79. Re7 Qf3 80. Rdd7 Qf4 81. Ke8 Kg8 82. Re6 Qb8+ 83. Rd8 Qb4 84. Ne5 Kh7 85.
Ng6 Qb5+ 86. Ke7 Qg5+ 87. Kd7 Qb5+ 88. Kc7 Qa5+ 1/2-1/2

[Event "Hastings 9091"]
[Site "Hastings"]
[Date "1990.12.??"]
[Round "13"]
[White "Sax, Gyula"]
[Black "King, Daniel J"]
[Result "1/2-1/2"]
[WhiteElo "2600"]
[BlackElo "2560"]
[Annotator "Knaak,R"]
[PlyCount "35"]
[EventDate "1990.12.??"]
[EventType "tourn"]
[EventRounds "14"]
[EventCountry "ENG"]
[EventCategory "13"]
[SourceTitle "CBM 022"]
[Source "ChessBase"]
[SourceDate "1991.06.01"]
[SourceVersion "1"]
[SourceVersionDate "1991.06.01"]
[SourceQuality "1"]

1. e4 e6 2. d4 d5 3. Nc3 Nf6 4. e5 Nfd7 5. Nce2 $6 c5 6. c3 Nc6 7. f4 b5 8. Nf3
b4 9. cxb4 $6 Nxb4 10. Nc3 Be7 11. Bb5 a5 12. a3 Na6 13. O-O O-O 14. Be3 Nb6
15. dxc5 Nxc5 16. b4 Na6 17. Nd4 Bd7 18. bxa5 (18. bxa5 Bxb5 19. Ncxb5 Nc4 20.
Nc6 Qd7 21. Nxe7+ Qxe7 $17) 1/2-1/2

[Event "Munich SKA"]
[Site "Munich"]
[Date "1993.??.??"]
[Round "10"]
[White "Shirov, Alexei"]
[Black "Gurevich, Mikhail"]
[Result "1-0"]
[WhiteElo "2670"]
[BlackElo "2610"]
[Annotator "Knaak,R"]
[PlyCount "81"]
[EventDate "1993.05.??"]
[EventType "tourn"]
[EventRounds "11"]
[EventCountry "GER"]
[EventCategory "16"]
[SourceTitle "CBM 036"]
[Source "ChessBase"]
[SourceDate "1993.10.01"]
[SourceVersion "1"]
[SourceVersionDate "1993.10.01"]
[SourceQuality "1"]

1. e4 e6 2. d4 d5 3. Nc3 Nf6 4. e5 Nfd7 5. Nce2 $6 c5 6. c3 Nc6 7. f4 Qb6 8.
Nf3 Be7 9. a3 f6 10. b4 cxd4 11. cxd4 O-O $1 (11... a5 12. b5 (12. bxa5 Nxa5
$15) 12... Qxb5 13. Nc3 Qb6 14. Rb1 $44) 12. Rb1 $6 (12. Qd3 $6 Qc7 $1 {
/\ 13...Bxb4!} 13. Qc2 b5 $1 14. exf6 Nxf6 15. Ng3 Qb6 16. Qd3 a5 $1 17. bxa5
Rxa5 18. Rb1 b4 19. Bd2 Qa7 20. axb4 Ra3 $19 {Sax,G-Luther,T/BL9293/}) (12.
exf6 $13) 12... a5 13. b5 a4 $1 14. Nc3 $6 (14. bxc6 $2 Qxb1 15. cxd7 Bxd7 $17)
(14. exf6 $8) 14... Ncxe5 $1 15. fxe5 fxe5 16. Bd3 $5 e4 (16... exd4 $1 17.
Nxd4 Ne5 $17 {Shirov/Gurevich}) 17. Nxe4 dxe4 18. Bxe4 e5 $1 19. O-O Nf6 20.
Bg5 Nxe4 $4 (20... exd4 $15) 21. Bxe7 Rf7 22. Qd3 $1 $16 Bf5 23. Nxe5 Rxe7 24.
Rxf5 Rd8 25. Rbf1 g6 26. Qc4+ Qe6 27. Qxe6+ Rxe6 28. Rf7 Nd2 29. R1f4 g5 30.
R4f5 Ne4 31. Rxb7 Rxd4 32. h3 Rd5 33. Rb8+ Kg7 34. Rf7+ Kh6 35. Ng4+ Kg6 36.
Rc7 Rd1+ 37. Kh2 Rb1 38. Rg8+ Kf5 39. Rf7+ Nf6 40. Rgf8 h5 41. Nxf6 1-0

[Event "Zagreb zt"]
[Site "Zagreb"]
[Date "1993.??.??"]
[Round "11"]
[White "Psakhis, Lev"]
[Black "Dizdar, Goran"]
[Result "1/2-1/2"]
[WhiteElo "2575"]
[BlackElo "2490"]
[Annotator "Knaak,R"]
[PlyCount "51"]
[EventDate "1993.03.??"]
[EventType "tourn"]
[EventRounds "13"]
[EventCountry "CRO"]
[EventCategory "11"]
[SourceTitle "CBM 035"]
[Source "ChessBase"]
[SourceDate "1993.08.01"]
[SourceVersion "1"]
[SourceVersionDate "1993.08.01"]
[SourceQuality "1"]

1. e4 e6 2. d4 d5 3. Nc3 Nf6 4. e5 Nfd7 5. Nce2 c5 6. c3 Nc6 7. f4 Qb6 8. Nf3
f6 9. g3 cxd4 10. Nexd4 $5 (10. cxd4 Bb4+ 11. Nc3 $10) 10... fxe5 11. fxe5 (11.
Nxe6 $6 e4 $1 12. Nxf8 (12. Nfd4 Nf6 $15) 12... exf3 $17 {Uhlmann}) 11... Nxd4
$6 (11... Bc5 $1 12. Bd3 (12. Nxe6 $6 Ndxe5 13. Nxg7+ Kf8 $17) 12... g6 13.
Nxc6 (13. Nxe6 $6 Bf2+ 14. Ke2 Ndxe5 $17) 13... bxc6 14. Qe2 (14. b4 $6 Bf2+
15. Ke2 O-O $36 {/\ Rf3}) 14... a5 $13) (11... Ndxe5 $2 12. Nxe5 Nxe5 13. Qh5+
Nf7 (13... Ng6 14. Bd3 $18) 14. Bb5+ Ke7 15. O-O $18) 12. cxd4 $14 Bb4+ 13. Kf2
$1 O-O 14. Kg2 Be7 (14... Nb8 $6 15. Bd3 Be7 16. Qc2 h6 17. Bxh6 gxh6 18. Raf1
Qd8 19. Bh7+ Kh8 20. Qg6 $18 {Barczay,L-Farago,I/Hungary/1969/}) 15. Bd3 Rf7
16. h4 Nf8 17. Ng5 (17. Rb1 {/\ Be3+/-}) 17... Bxg5 18. hxg5 g6 19. Rh4 Bd7 20.
a4 Rc8 $16 21. b3 $6 Rc3 $132 22. Rb1 Qd8 23. Qd2 $6 Qc8 24. Ba3 (24. Rf4 Rxf4
25. gxf4 b5 $1 $13) 24... Bxa4 $1 25. Bxf8 Bb5 $1 26. Bxg6 (26. Bxb5 $2 Rc2 $19
) (26. Bxg6 $1 hxg6 27. Bc5 $1 (27. Rbh1 $2 Bf1+ $1 28. Rxf1 $8 Rc2 $19) 27...
Rff3 (27... Rxc5 $2 28. Rbh1 Bf1+ 29. Kg1 $18) 28. Rh3 (28. Qxc3 $2 Rxc3 29.
Rbh1 Rc2+ 30. Kf3 Be2+ 31. Ke3 Bh5) 28... Rfd3 29. Qf4 (29. Qa2 $6 Rxd4 $1 30.
Rbh1 Bf1+ $19) 29... Rc2+ (29... Rxc5 $2 30. Rh8+ $1 $18 {#8 (FRITZ2)}) 30. Kh1
Rdc3 31. Qf6 Rc1+ 32. Rxc1 Rxc1+ 33. Kh2 Rc2+ 34. Kg1 Rc1+ $10) 1/2-1/2